| 000 | 01318nam0a2200313 4500 | ||
|---|---|---|---|
| 001 | RU\NLR\bibl\1118602 | ||
| 005 | 20241119185337.0 | ||
| 020 |
_aRU _b07-03002 _9Летопись авторефератов диссертаций |
||
| 021 |
_aRU _b2006-22591а _9904а |
||
| 035 | _a(NLR Aleph) 001105596 | ||
| 090 |
_a1205747 _c1205747 |
||
| 100 | _a20070404d2006 u u0rusy50 ca | ||
| 101 | 0 | _arus | |
| 102 | _aRU | ||
| 105 | _ay dm ||||| | ||
| 200 | 1 |
_aСпособы введения прямой речи в нарративных текстах Анни Сомон _e(пунктуационное оформление) _eавтореф. дис. на соиск. учен. степ. канд. филол. наук _eспециальность 10.02.05 <Роман. яз.> _fСернова Елена Игоревна _g[Воронеж. гос. ун-т] |
|
| 210 |
_aВоронеж _d2006 |
||
| 215 |
_a23 с. _d21 |
||
| 320 | _aБиблиогр.: с. 23 (7 назв.) | ||
| 675 |
_a811.133.1'35 _v3 _zrus |
||
| 686 |
_a16.41 _2rugasnti |
||
| 686 |
_a81.2Фр _2rubbk |
||
| 686 |
_a10.02.05 _2oksvnk |
||
| 700 | 1 |
_aСернова _bЕ. И. _gЕлена Игоревна _4070 |
|
| 801 | 0 |
_aRU _bRKP _c20070404 _gPSBO |
|
| 801 | 1 |
_aRU _bRKP _c20070404 |
|
| 801 | 2 |
_aRU _bNLR _c20070817 _grcr |
|
| 942 | _cBOOK | ||